Sin Maíz no hay País: citizenship and environment in Mexico's food sovereignty movement /
Furkejuvvon:
| Váldodahkki: | |
|---|---|
| Materiálatiipa: | Texto |
| Fáddágilkorat: |
Lasit fáddágilkoriid
Eai fáddágilkorat, Lasit vuosttaš fáddágilkora!
|
MARC
| LEADER | 00000 a a2200000 04500 | ||
|---|---|---|---|
| 001 | 47168 | ||
| 003 | |||
| 040 | |||
| 100 | |a Richard, Analiese | ||
| 245 | |a Sin Maíz no hay País: |b citizenship and environment in Mexico's food sovereignty movement / |c Analiese Richard | ||
| 773 | |g páginas 59-76 | ||
| 999 | |c 25126 |d 25126 | ||
